000 00273nam a22001217a 4500
008 131127t xxu||||| |||| 00| 0 eng d
040 _aASAB
_cASAB
245 _aPhysical Chemistry
250 _a5th Ed
300 _a910 p.
700 _qGordon M Barrow
_9301
942 _2ddc
_cBK
999 _c16566
_d16566